| 000 | 00680nam a2200229 a 4500 | ||
|---|---|---|---|
| 005 | 20240420063832.0 | ||
| 008 | 991125s1993 es 000 0 spa u | ||
| 020 | _a848623574X | ||
| 035 | _aUPN01000024382 | ||
| 049 | _aLT | ||
| 050 | 4 |
_aLC4001 _bL63 no.12 AD |
|
| 100 | 1 |
_aVallés Arándiga, Antonio _929479 |
|
| 245 | 1 | 0 |
_aFichas de recuperación de dislalias / _cAntonio Valles Arándiga. |
| 260 |
_aMadrid : _bCEPE, _c1993. |
||
| 300 |
_a255 p. : _bil. |
||
| 440 | 0 |
_aReeducación logopédica ; _v12 |
|
| 650 | 4 |
_aDislalia _914788 |
|
| 650 | 4 |
_aEducación especial _93029 |
|
| 650 | 4 |
_aNiños _xLenguaje _95709 |
|
| 650 | 4 |
_aTERAPEUTICA DEL HABLA _913808 |
|
| 905 | _aLibro | ||
| 999 |
_c24382 _d24382 |
||